[Event "XXXVI Torneo Internacional de La Roda 2"]
[Site "La Roda (Albacete) - ESPAÑA"]
[Date "2009.04.10"]
[Round "5.12"]
[White "Alvarez Pedraza, Aramis"]
[Black "Almagro Mazariegos, Sebastian"]
[Result "1-0"]
[WhiteElo "2431"]
[BlackElo "2271"]
[PlyCount "59"]
[EventDate "2009.03.08"]

1. g3 Nf6 2. Bg2 d5 3. d3 c6 4. Nd2 e5 5. e4 dxe4 6. dxe4 Bc5 7. Ngf3 Bg4 8.
O-O Nbd7 9. h3 Bxf3 10. Qxf3 O-O 11. Nc4 b5 12. Ne3 g6 13. g4 Bb6 14. g5 Nh5
15. Ng4 Qe7 16. a4 a6 17. b3 b4 18. Rd1 Rad8 19. Bf1 f6 20. Bc4+ Kh8 21. gxf6
Ndxf6 22. Rxd8 Bxd8 23. Bh6 Ng7 24. Bg5 Nge8 25. Rd1 a5 26. Kg2 Bc7 27. Bh6 Ng7
28. Nxf6 Rxf6 29. Rd7 Qxd7 30. Qxf6 1-0

[Event "XXXVI Torneo Internacional de La Roda 2"]
[Site "La Roda (Albacete) - ESPAÑA"]
[Date "2009.04.10"]
[Round "5.13"]
[White "Picazo Lopez, Juan Antonio"]
[Black "Pogorelov, Ruslan"]
[Result "0-1"]
[WhiteElo "2232"]
[BlackElo "2420"]
[PlyCount "104"]
[EventDate "2009.03.08"]

1. d4 Nf6 2. c4 e6 3. Nc3 Bb4 4. e3 b6 5. Bd3 Bb7 6. f3 c5 7. Nge2 cxd4 8. exd4
O-O 9. O-O d5 10. cxd5 Nxd5 11. Nxd5 Bxd5 12. Be3 Nd7 13. a3 Bd6 14. Rc1 Qh4
15. g3 Qe7 16. Nc3 Bb7 17. Nb5 Nf6 18. Nxd6 Qxd6 19. Qa4 Nd5 20. Bf2 a5 21. Qc2
h6 22. Qe2 Rfc8 23. Qe4 f5 24. Qe5 Qd7 25. Rce1 Kf7 26. h4 Ba6 27. Bxa6 Rxa6
28. Rc1 Raa8 29. Qe2 Rxc1 30. Rxc1 Rc8 31. Rxc8 Qxc8 32. Qd2 Qc4 33. Be3 Qb3
34. Kf2 Nxe3 35. Qxe3 Qxb2+ 36. Kg1 b5 37. g4 b4 38. axb4 axb4 39. gxf5 Qb1+
40. Kg2 Qxf5 41. Qb3 Qb5 42. Kf2 Qb6 43. Ke3 Kf6 44. Kd3 Qa6+ 45. Ke4 Qe2+ 46.
Kf4 Qf2 47. h5 Qxd4+ 48. Kg3 Qg1+ 49. Kh3 Qh1+ 50. Kg3 Qe1+ 51. Kg2 Qc3 52. Qa4
b3 0-1

[Event "XXXVI Torneo Internacional de La Roda 2"]
[Site "La Roda (Albacete) - ESPAÑA"]
[Date "2009.04.10"]
[Round "5.14"]
[White "Guerra Bastida, Diego"]
[Black "Cori T, Deysi"]
[Result "0-1"]
[WhiteElo "2420"]
[BlackElo "2262"]
[PlyCount "80"]
[EventDate "2009.03.08"]

1. d4 Nf6 2. c4 e6 3. Nc3 Bb4 4. e3 c5 5. Bd3 O-O 6. Nge2 Nc6 7. O-O h6 8. d5
exd5 9. cxd5 Ne5 10. Bc2 Re8 11. Ng3 d6 12. e4 a6 13. Nce2 b5 14. f4 Ng6 15. a3
Ba5 16. h3 Bb6 17. Be3 Ra7 18. Kh1 Rae7 19. Nc3 Ba5 20. e5 dxe5 21. Bxc5 Rc7
22. f5 Nf4 23. Nce4 N6xd5 24. Bb3 Rxc5 25. Nxc5 Ne3 26. Qxd8 Rxd8 27. Rf2 Bb6
28. Nge4 Bxf5 29. Re1 Bxe4 30. Nxe4 Nf5 31. Rff1 Rd4 32. Kh2 Ba5 33. Bxf7+ Kxf7
34. b4 Bc7 35. g3 g5 36. gxf4 exf4 37. Rc1 Be5 38. Rce1 Kg6 39. Nf2 Ne3 40. Ng4
Nxf1+ 0-1

[Event "XXXVI Torneo Internacional de La Roda 2"]
[Site "La Roda (Albacete) - ESPAÑA"]
[Date "2009.04.10"]
[Round "5.15"]
[White "Antoli Royo, Joaquin Miguel"]
[Black "Trepat Herranz, Joan"]
[Result "1/2-1/2"]
[WhiteElo "2416"]
[BlackElo "2251"]
[PlyCount "64"]
[EventDate "2009.03.08"]

1. e4 e5 2. Nf3 Nc6 3. Nc3 Nf6 4. d4 exd4 5. Nd5 Be7 6. Bc4 O-O 7. O-O d6 8.
Nxd4 Nxd5 9. Bxd5 Nxd4 10. Qxd4 Bf6 11. Qd3 Qe7 12. c3 c6 13. Bb3 Be6 14. Bc2
g6 15. f4 Rad8 16. Be3 c5 17. Rae1 Bg7 18. f5 Bd7 19. Qd2 Be5 20. Bh6 Bb5 21.
Rf3 Rfe8 22. a4 Bc4 23. b3 d5 24. Qf2 dxe4 25. Bxe4 Bg7 26. Bxg7 Qxe4 27. Rc1
Be2 28. Rf4 Qc2 29. Rxc2 Rd1+ 30. Qf1 Bxf1 31. Rxf1 Rxf1+ 32. Kxf1 Kxg7 1/2-1/2

[Event "XXXVI Torneo Internacional de La Roda 2"]
[Site "La Roda (Albacete) - ESPAÑA"]
[Date "2009.04.10"]
[Round "5.16"]
[White "Gallardo Garcia, Andres"]
[Black "Cortes Lizano, Jesus"]
[Result "1-0"]
[WhiteElo "2407"]
[BlackElo "2228"]
[PlyCount "139"]
[EventDate "2009.03.08"]

1. e4 c5 2. Nf3 d6 3. Bb5+ Nd7 4. d4 cxd4 5. Qxd4 Ngf6 6. Nc3 e5 7. Qd3 h6 8.
O-O Be7 9. Be3 O-O 10. Bc4 a6 11. a4 Qc7 12. Nd2 Nc5 13. Bxc5 Qxc5 14. Nd5 Nxd5
15. Bxd5 Rb8 16. a5 Be6 17. Nb3 Qc7 18. Ra4 Bxd5 19. exd5 Rfc8 20. c4 b5 21.
axb6 Rxb6 22. Rb1 Qb8 23. Na5 Rxb2 24. Rxb2 Qxb2 25. Nc6 Bg5 26. Rxa6 e4 27.
Qf1 Re8 28. Ra1 f5 29. g3 f4 30. Rb1 Qa2 31. Ra1 Qd2 32. gxf4 Bxf4 33. Qg2 e3
34. fxe3 Qxe3+ 35. Kh1 Qc3 36. Rg1 Re1 37. Qg4 Rxg1+ 38. Kxg1 Qe3+ 39. Kf1 Qc1+
40. Kg2 Qd2+ 41. Kf3 Qe3+ 42. Kg2 Qe4+ 43. Kh3 Qd3+ 44. Kg2 Qc2+ 45. Kf3 Bxh2
46. Qe6+ Kh7 47. Ne7 Qd1+ 48. Kf2 Qd2+ 49. Kf3 Qf4+ 50. Kg2 Qg3+ 51. Kf1 Qf4+
52. Kg2 Qg3+ 53. Kf1 Qf3+ 54. Ke1 Qc3+ 55. Kf2 Qf6+ 56. Kg2 Qxe6 57. dxe6 Be5
58. Kf3 g5 59. Kg4 Kg7 60. Kf5 Bh2 61. Nd5 Bg3 62. Nc3 Bf4 63. Ne4 Kf8 64. c5
d5 65. Nd6 d4 66. Kf6 Bxd6 67. cxd6 Ke8 68. e7 Kd7 69. Kf7 Kxd6 70. e8=Q 1-0

[Event "XXXVI Torneo Internacional de La Roda 2"]
[Site "La Roda (Albacete) - ESPAÑA"]
[Date "2009.04.10"]
[Round "5.17"]
[White "Garcia Blanco, Omar"]
[Black "Dolezal, Cristian"]
[Result "1-0"]
[WhiteElo "2198"]
[BlackElo "2406"]
[PlyCount "109"]
[EventDate "2009.03.08"]

1. e4 e5 2. Nf3 Nc6 3. Bc4 Nf6 4. d3 h6 5. O-O d6 6. c3 g6 7. Nbd2 Bg7 8. Bb3
O-O 9. Re1 Nd7 10. Nf1 Nc5 11. Bc2 Ne6 12. Ng3 d5 13. Qe2 d4 14. h3 b6 15. Nh2
Nf4 16. Qf3 dxc3 17. bxc3 h5 18. d4 h4 19. Bxf4 hxg3 20. Bxg3 exd4 21. e5 Bd7
22. Be4 Nxe5 23. Bxe5 Bxe5 24. Bxa8 Bxh2+ 25. Kxh2 Qxa8 26. Qxa8 Rxa8 27. cxd4
c6 28. a4 Be6 29. a5 b5 30. Rac1 Bc4 31. Re7 a6 32. Rc7 Bd5 33. Re1 b4 34. Rb7
b3 35. Rb6 Kg7 36. Kg3 Rc8 37. Rc1 Re8 38. Rxa6 Re4 39. Rd1 Re2 40. Rb6 Ra2 41.
a6 g5 42. Re1 Ra4 43. Re5 f6 44. Re7+ Kg6 45. a7 Ra2 46. Rb5 c5 47. dxc5 b2 48.
Reb7 Bxb7 49. Rxb7 Rxa7 50. Rxb2 Ra3+ 51. f3 Rc3 52. Rb5 Rc2 53. Ra5 f5 54.
Ra6+ Kh5 55. Rc6 {.....} 1-0

[Event "XXXVI Torneo Internacional de La Roda 2"]
[Site "La Roda (Albacete) - ESPAÑA"]
[Date "2009.04.10"]
[Round "5.18"]
[White "Vehi Bach, Victor Manuel"]
[Black "Jimenez Martinez, Jose Vicente"]
[Result "1-0"]
[WhiteElo "2393"]
[BlackElo "2219"]
[PlyCount "69"]
[EventDate "2009.03.08"]

1. e4 d6 2. d4 g6 3. Nc3 Bg7 4. Be3 a6 5. f4 Nd7 6. Nf3 b5 7. e5 Bb7 8. Bd3 e6
9. Ne4 Nb6 10. Bf2 Bxe4 11. Bxe4 d5 12. Bd3 h5 13. Bh4 Qc8 14. Qe2 Nh6 15.
O-O-O Nd7 16. Ng5 Nf5 17. Bxf5 gxf5 18. h3 c5 19. g4 fxg4 20. hxg4 cxd4 21.
gxh5 Qc5 22. Nf3 Rxh5 23. Nxd4 Rh8 24. f5 Nxe5 25. fxe6 Qc4 26. exf7+ Kd7 27.
Qf2 Qxa2 28. Qf5+ Kd6 29. Qe6+ Kc7 30. Bg3 Rxh1 31. Bxe5+ Bxe5 32. Qxe5+ Kb7
33. Qe7+ Kb6 34. Qd6+ Ka5 35. Nc6+ 1-0

[Event "XXXVI Torneo Internacional de La Roda 2"]
[Site "La Roda (Albacete) - ESPAÑA"]
[Date "2009.04.10"]
[Round "5.19"]
[White "Ibarra Chami, Luis Fernando"]
[Black "Baigorri Navarro, Fco  Javier"]
[Result "1-0"]
[WhiteElo "2393"]
[BlackElo "2204"]
[PlyCount "73"]
[EventDate "2009.03.08"]

1. e4 e6 2. d4 d5 3. Nd2 c5 4. exd5 Qxd5 5. Ngf3 cxd4 6. Bc4 Qd6 7. O-O Nf6 8.
Nb3 Nc6 9. Nbxd4 Nxd4 10. Nxd4 Be7 11. c3 O-O 12. Qf3 Qc7 13. Bb3 Bd7 14. Re1
Bc6 15. Qh3 Rfe8 16. Bg5 Nd5 17. Bc2 g6 18. Bh6 Bf6 19. Qg4 Bh8 20. Rad1 Nf6
21. Qh4 Bg7 22. Bg5 Nh5 23. Nxc6 bxc6 24. Qa4 Qb6 25. Bb3 a5 26. Qh4 h6 27. Be3
Qc7 28. Ba4 Rab8 29. Rd2 Rec8 30. Red1 Bf6 31. Qc4 Bg7 32. Rd7 Qe5 33. R7d2 c5
34. Bd7 Rd8 35. Bxc5 Nf6 36. Bd6 Qe4 37. Rd4 1-0

[Event "XXXVI Torneo Internacional de La Roda 2"]
[Site "La Roda (Albacete) - ESPAÑA"]
[Date "2009.04.10"]
[Round "5.20"]
[White "Perez Mitjans, Orelvis"]
[Black "Tejedor Ariza, Francisco"]
[Result "1-0"]
[WhiteElo "2392"]
[BlackElo "2115"]
[PlyCount "97"]
[EventDate "2009.03.08"]

1. e4 c5 2. Nf3 e6 3. Qe2 Nc6 4. c3 d5 5. d3 Nf6 6. g3 Be7 7. e5 Nd7 8. h4 Qc7
9. Bf4 b6 10. Nbd2 Bb7 11. a3 a5 12. d4 Ba6 13. Qd1 Bxf1 14. Kxf1 a4 15. Kg2
Nf8 16. h5 h6 17. Be3 c4 18. Ng1 Nh7 19. f4 b5 20. Qg4 Rg8 21. Rf1 Kd7 22. f5
Bg5 23. Bxg5 Nxg5 24. Nh3 Qd8 25. fxe6+ fxe6 26. Nxg5 Qxg5 27. Qxg5 hxg5 28.
Kh3 Raf8 29. Kg4 Ne7 30. Kxg5 Nf5 31. Rf3 Ke7 32. g4 Nh6 33. Kh4 g5+ 34. Kg3
Rxf3+ 35. Nxf3 Nf7 36. h6 Rh8 37. h7 Kf8 38. Rh5 Ke7 39. Nxg5 Nxg5 40. Rxg5
Rxh7 41. Rg6 Kf7 42. Rf6+ Ke7 43. g5 Rh1 44. g6 Rg1+ 45. Kh4 Rh1+ 46. Kg5 Rb1
47. Rf7+ Ke8 48. Kf6 Rxb2 49. g7 1-0

[Event "XXXVI Torneo Internacional de La Roda 2"]
[Site "La Roda (Albacete) - ESPAÑA"]
[Date "2009.04.11"]
[Round "6.1"]
[White "Cornette, Matthieu"]
[Black "Cruz, Cristhian"]
[Result "1-0"]
[WhiteElo "2573"]
[BlackElo "2544"]
[PlyCount "103"]
[EventDate "2009.03.08"]

1. e4 e6 2. Nf3 d5 3. Nc3 Nf6 4. e5 Nfd7 5. d4 c5 6. dxc5 Nc6 7. Bf4 Bxc5 8.
Bd3 f6 9. exf6 Nxf6 10. Qe2 O-O 11. O-O-O Bd7 12. Ne5 Bd6 13. Kb1 Nxe5 14. Bxe5
Bxe5 15. Qxe5 Qb8 16. Qe3 b5 17. f4 b4 18. Ne2 a5 19. Nd4 Qd6 20. Rhe1 Rae8 21.
h3 a4 22. g4 a3 23. Qe5 Qxe5 24. Rxe5 g6 25. Rde1 Ne4 26. Bxe4 Rxf4 27. Bxd5
Rxd4 28. Bb3 axb2 29. Bxe6+ Bxe6 30. Rxe6 Rxe6 31. Rxe6 Rc4 32. Kxb2 Rc3 33.
Re4 Rxh3 34. Rxb4 h5 35. gxh5 Rxh5 36. a4 Kf7 37. Rb5 Rh8 38. a5 Rg8 39. Ka3 g5
40. Ka4 Ke6 41. a6 g4 42. Rb1 Kd6 43. Ka5 g3 44. Rg1 Kc6 45. c4 g2 46. c5 Kxc5
47. a7 Kd4 48. Kb5 Rg5+ 49. Kb4 Rg8 50. Rxg2 Rxg2 51. a8=Q Rb2+ 52. Ka3 {....}
1-0

[Event "XXXVI Torneo Internacional de La Roda 2"]
[Site "La Roda (Albacete) - ESPAÑA"]
[Date "2009.04.11"]
[Round "6.2"]
[White "Ibarra Jerez, Jose Carlos"]
[Black "Movsziszian, Karen"]
[Result "1/2-1/2"]
[WhiteElo "2514"]
[BlackElo "2556"]
[PlyCount "37"]
[EventDate "2009.03.08"]

1. e4 c5 2. Nf3 d6 3. d4 Nf6 4. Nc3 cxd4 5. Nxd4 a6 6. Be3 e6 7. f3 b5 8. Qd2
b4 9. Na4 Nbd7 10. O-O-O Qa5 11. b3 Bb7 12. Kb1 e5 13. Nf5 d5 14. exd5 g6 15.
Ng3 Bxd5 16. Ne4 Bxe4 17. fxe4 Be7 18. Bc4 O-O 19. Qe2 1/2-1/2

[Event "XXXVI Torneo Internacional de La Roda 2"]
[Site "La Roda (Albacete) - ESPAÑA"]
[Date "2009.04.11"]
[Round "6.3"]
[White "Lopez Martinez, Josep Manuel"]
[Black "Del Rio De Angelis, Salvador G"]
[Result "0-1"]
[WhiteElo "2557"]
[BlackElo "2531"]
[PlyCount "84"]
[EventDate "2009.03.08"]

1. e4 g6 2. d4 Bg7 3. c4 d6 4. Nc3 e5 5. Nge2 c6 6. Be3 Nf6 7. h3 exd4 8. Nxd4
O-O 9. g3 d5 10. exd5 cxd5 11. Bg2 dxc4 12. Ndb5 Nc6 13. O-O Bf5 14. Bc5 Bd3
15. Bxf8 Bxf8 16. Re1 a6 17. Na3 Nd4 18. Rc1 Bh6 19. f4 Nh5 20. Nd5 Nxg3 21.
Re8+ Qxe8 22. Nf6+ Kf8 23. Nxe8 Rxe8 24. Rxc4 Bxc4 25. Nxc4 b5 26. Kf2 Ngf5 27.
Nd6 Re2+ 28. Qxe2 Nxe2 29. Nxf5 Nxf4 30. Nxh6 Nxg2 31. Ng4 Nf4 32. Ke3 Nxh3 33.
Ne5 f5 34. b4 g5 35. Nd3 g4 36. Nc5 f4+ 37. Ke4 f3 38. Ke3 f2 39. Ke2 g3 40.
Kf1 Ng5 41. Ke2 Nf3 42. Ne4 Nh2 0-1

[Event "XXXVI Torneo Internacional de La Roda 2"]
[Site "La Roda (Albacete) - ESPAÑA"]
[Date "2009.04.11"]
[Round "6.4"]
[White "Korneev, Oleg"]
[Black "Gallardo Garcia, Andres"]
[Result "1/2-1/2"]
[WhiteElo "2587"]
[BlackElo "2407"]
[PlyCount "77"]
[EventDate "2009.03.08"]

1. e4 c6 2. c4 d5 3. exd5 cxd5 4. cxd5 Nf6 5. Nc3 Nxd5 6. Nf3 Nxc3 7. bxc3 Nc6
8. d4 g6 9. Bd3 Bg7 10. O-O O-O 11. Re1 b6 12. Bf4 Bb7 13. Be4 Qd7 14. Qd2 Rac8
15. Bh6 Na5 16. Bxg7 Kxg7 17. Ne5 Qd6 18. Bxb7 Nxb7 19. Re3 f6 20. Nd3 Na5 21.
Rae1 Rf7 22. Rh3 Kg8 23. Nf4 Nc4 24. Qc1 Qa3 25. Qc2 Qb2 26. Qxb2 Nxb2 27. Ne6
Nc4 28. g4 Nd6 29. Rhe3 Nb5 30. Kf1 Nc7 31. Nxc7 Rxc7 32. Ke2 Rf8 33. Kd2 Re8
34. f4 Kf7 35. g5 Rd8 36. Rh3 Kg7 37. Rhe3 Kf7 38. Rh3 Kg7 39. Rhe3 1/2-1/2

[Event "XXXVI Torneo Internacional de La Roda 2"]
[Site "La Roda (Albacete) - ESPAÑA"]
[Date "2009.04.11"]
[Round "6.5"]
[White "Pogorelov, Ruslan"]
[Black "Suba, Mihai"]
[Result "1-0"]
[WhiteElo "2420"]
[BlackElo "2542"]
[PlyCount "38"]
[EventDate "2009.03.08"]

1. d4 Nf6 2. c4 e6 3. Nc3 Bb4 4. Qc2 O-O 5. a3 Bxc3+ 6. Qxc3 b6 7. Bg5 Bb7 8.
e3 Re8 9. Ne2 h6 10. Bh4 c5 11. Bxf6 Qxf6 12. dxc5 bxc5 13. Qxf6 gxf6 14. O-O-O
Kf8 15. Nc3 Ke7 16. Nb5 Na6 17. Nd6 Reb8 18. Nxb7 Rxb7 19. Be2 Rb6 {...} 1-0

[Event "XXXVI Torneo Internacional de La Roda 2"]
[Site "La Roda (Albacete) - ESPAÑA"]
[Date "2009.04.11"]
[Round "6.6"]
[White "Cabrera, Alexis"]
[Black "Vehi Bach, Victor Manuel"]
[Result "1-0"]
[WhiteElo "2518"]
[BlackElo "2393"]
[PlyCount "113"]
[EventDate "2009.03.08"]

1. e4 c5 2. Nf3 e6 3. Nc3 a6 4. d4 cxd4 5. Nxd4 b5 6. Bd3 Qb6 7. Nf3 Qc7 8. O-O
Bb7 9. Re1 Be7 10. Bd2 Nc6 11. Qe2 Nb4 12. Rac1 Nf6 13. a3 Nxd3 14. cxd3 Qb8
15. Nd4 O-O 16. b4 Rc8 17. Rc2 d6 18. Rec1 Bd8 19. Nb3 Bc6 20. Bf4 Bd7 21. e5
Rxc3 22. Rxc3 Nd5 23. Bg3 Nxc3 24. Rxc3 dxe5 25. Nc5 Qd6 26. d4 Bc6 27. Qxe5
Qd5 28. f3 Bb6 29. Bf2 Qxe5 30. dxe5 Bxc5 31. Bxc5 Bd5 32. Kf2 f6 33. exf6 gxf6
34. Be7 Kf7 35. Rc7 Kg6 36. g4 Rb8 37. Bc5 h5 38. Kg3 hxg4 39. fxg4 f5 40. h3
fxg4 41. hxg4 Rb7 42. Rc8 Rf7 43. Bd4 Rf3+ 44. Kh4 Rf1 45. Rg8+ Kf7 46. Rg7+
Kf8 47. Be5 Rf7 48. Rg6 Rf3 49. g5 Rxa3 50. Rh6 Bg2 51. Kg4 Bf3+ 52. Kf4 Bd5
53. g6 Rf3+ 54. Kg5 Rf1 55. Rh8+ Ke7 56. g7 Rg1+ 57. Kf4 1-0

[Event "XXXVI Torneo Internacional de La Roda 2"]
[Site "La Roda (Albacete) - ESPAÑA"]
[Date "2009.04.11"]
[Round "6.7"]
[White "Cori T, Deysi"]
[Black "Almeida Quintana, Omar"]
[Result "1/2-1/2"]
[WhiteElo "2262"]
[BlackElo "2516"]
[PlyCount "42"]
[EventDate "2009.03.08"]

1. d4 g6 2. c4 Bg7 3. Nf3 c5 4. d5 d6 5. h3 Nf6 6. Nc3 O-O 7. e4 e6 8. dxe6
Bxe6 9. Be2 Nc6 10. O-O a6 11. Bf4 Qb6 12. Rb1 Qa7 13. Re1 Rfd8 14. Nd5 Rd7 15.
Bf1 Ne8 16. Be3 a5 17. b3 Nf6 18. Bg5 Ne8 19. Be3 Nf6 20. Bg5 Ne8 21. Be3 Nf6
1/2-1/2

[Event "XXXVI Torneo Internacional de La Roda 2"]
[Site "La Roda (Albacete) - ESPAÑA"]
[Date "2009.04.11"]
[Round "6.9"]
[White "Larino Nieto, David"]
[Black "Ibarra Chami, Luis Fernando"]
[Result "1-0"]
[WhiteElo "2464"]
[BlackElo "2393"]
[PlyCount "77"]
[EventDate "2009.03.08"]

1. d4 e6 2. c4 b6 3. Nc3 Bb7 4. e3 f5 5. Nf3 Nf6 6. Bd3 Bb4 7. Bd2 O-O 8. O-O
d6 9. a3 Bxc3 10. Bxc3 Ne4 11. Be1 Nd7 12. Qe2 Qe7 13. Nd2 Nxd2 14. Qxd2 e5 15.
d5 a5 16. b3 Nc5 17. Bc2 Bc8 18. f3 Bd7 19. Bf2 Nb7 20. e4 Rf7 21. b4 Raf8 22.
exf5 Bxf5 23. Bxf5 Rxf5 24. Rfe1 Qe8 25. Re4 Qa4 26. c5 bxc5 27. bxc5 Qb5 28.
a4 Qa6 29. c6 Nd8 30. Rb1 Rf4 31. Rb5 Rxe4 32. fxe4 Nf7 33. h3 h6 34. Be3 Ra8
35. Qe2 Rf8 36. Qg4 Qa8 37. Qd7 Ng5 38. Qxc7 Qe8 39. Bxg5 1-0

[Event "XXXVI Torneo Internacional de La Roda 2"]
[Site "La Roda (Albacete) - ESPAÑA"]
[Date "2009.04.11"]
[Round "6.10"]
[White "Llorente Zaro, Alfonso"]
[Black "Perez Mitjans, Orelvis"]
[Result "1-0"]
[WhiteElo "2434"]
[BlackElo "2392"]
[PlyCount "101"]
[EventDate "2009.03.08"]

1. d4 Nf6 2. Nf3 g6 3. c4 Bg7 4. g3 O-O 5. Bg2 d6 6. O-O Nc6 7. Nc3 e5 8. d5
Ne7 9. Ne1 Nd7 10. Rb1 f5 11. b4 h6 12. Qb3 g5 13. c5 Nf6 14. b5 b6 15. cxd6
cxd6 16. Nd3 Ng6 17. Nb4 Rf7 18. a4 Bf8 19. Nc6 Qe8 20. a5 bxa5 21. Ra1 f4 22.
Rxa5 h5 23. Ne4 Nxe4 24. Bxe4 Rg7 25. b6 a6 26. Bd2 Qd7 27. Rc1 h4 28. Qd3 Qe8
29. g4 f3 30. exf3 h3 31. Ra3 Nh4 32. Rac3 a5 33. Nxa5 Ba6 34. Qb1 Rb8 35. Rc7
Rxc7 36. Rxc7 Qd8 37. Be3 Nxf3+ 38. Bxf3 Qxc7 39. Nc6 Rb7 40. Qg6+ Qg7 41. Qe6+
Kh8 42. Be4 Rf7 43. Nd8 Rf6 44. Qe8 Kg8 45. Ne6 Qf7 46. Qxf7+ Rxf7 47. Bxg5 Be7
48. Be3 Bc8 49. Bg6 Rf6 50. Be8 Bxe6 51. b7 1-0

[Event "XXXVI Torneo Internacional de La Roda 2"]
[Site "La Roda (Albacete) - ESPAÑA"]
[Date "2009.04.11"]
[Round "6.11"]
[White "Valmana Canto, Jaime"]
[Black "Alvarez Pedraza, Aramis"]
[Result "0-1"]
[WhiteElo "2341"]
[BlackElo "2431"]
[PlyCount "86"]
[EventDate "2009.03.08"]

1. e4 c5 2. Nf3 e6 3. Nc3 a6 4. d4 cxd4 5. Nxd4 b5 6. Bd3 d6 7. O-O Nf6 8. f4
Bb7 9. a3 Nbd7 10. Nf3 g6 11. Qe1 Bg7 12. f5 O-O 13. Qh4 exf5 14. exf5 Nd5 15.
Bg5 Qb6+ 16. Kh1 Nxc3 17. bxc3 Bxc3 18. Rad1 Rfe8 19. Bd2 Bxd2 20. Rxd2 Bxf3
21. Rxf3 Qd8 22. f6 Re6 23. Rdf2 Kh8 24. Rf1 Rc8 25. Rh3 Qg8 26. Rhf3 Rc5 27.
Qd4 Qd8 28. a4 Kg8 29. axb5 axb5 30. Qh4 Rh5 31. Qd4 Rhe5 32. Qh4 Qf8 33. g4
Qa8 34. Kg1 h5 35. h3 Qa7+ 36. Kh2 Kf8 37. R1f2 Qd4 38. Rf4 Qd5 39. R4f3 Re3
40. Rf4 Qe5 41. Bxg6 fxg6 42. f7 g5 43. Qxh5 gxf4 0-1

[Event "XXXVI Torneo Internacional de La Roda 2"]
[Site "La Roda (Albacete) - ESPAÑA"]
[Date "2009.04.11"]
[Round "6.12"]
[White "Paunovic, Dragan"]
[Black "Pardo Simon, David"]
[Result "1-0"]
[WhiteElo "2537"]
[BlackElo "2289"]
[PlyCount "136"]
[EventDate "2009.03.08"]

1. Nf3 Nf6 2. c4 e6 3. g3 b6 4. Bg2 Bb7 5. O-O Be7 6. d4 O-O 7. Nc3 Ne4 8. Bd2
f5 9. Rc1 Bf6 10. d5 Qe7 11. Be1 Na6 12. Nd4 Bxd4 13. Qxd4 e5 14. Qe3 Nec5 15.
Rb1 d6 16. b4 Nd7 17. Nb5 Nf6 18. Qd3 g6 19. Bd2 Nb8 20. c5 e4 21. Qd4 bxc5 22.
bxc5 dxc5 23. Qb2 Bxd5 24. Bg5 Na6 25. Rfd1 c6 26. Nc3 Rab8 27. Qd2 Rbd8 28.
Qf4 Nb4 29. Qh4 Nxa2 30. Nxa2 Bxa2 31. Rxd8 Qxd8 32. Ra1 Bc4 33. Bf1 a6 34. Rc1
Bb5 35. Rxc5 Qd6 36. Rc1 Nd5 37. Rd1 Qe6 38. Bc1 c5 39. Bb2 c4 40. Bd4 c3 41.
Rc1 Rc8 42. Qh6 Qf7 43. h4 Rc4 44. e3 Rc8 45. Bh3 c2 46. g4 fxg4 47. Bxg4 Bd7
48. Qg5 Bxg4 49. Qxg4 Qf5 50. Qe2 Nb4 51. Qd2 Rf8 52. Qxb4 Qxf2+ 53. Kh1 Qxh4+
54. Kg1 Qg4+ 55. Kh1 Qd1+ 56. Kg2 Qe2+ 57. Kg1 Qg4+ 58. Kh1 Qh3+ 59. Kg1 Qg3+
60. Kh1 h5 61. Qb3+ Rf7 62. Qxc2 Qh3+ 63. Kg1 Qg4+ 64. Qg2 Qe6 65. Rb1 Qf5 66.
Rb8+ Rf8 67. Rb6 g5 68. Rh6 Qf3 1-0

[Event "XXXVI Torneo Internacional de La Roda 2"]
[Site "La Roda (Albacete) - ESPAÑA"]
[Date "2009.04.11"]
[Round "6.13"]
[White "Rizouk, Aimen"]
[Black "Fernandez Barrera, Victor"]
[Result "1-0"]
[WhiteElo "2505"]
[BlackElo "2318"]
[PlyCount "83"]
[EventDate "2009.03.08"]

1. e4 e6 2. d4 d5 3. Nd2 Be7 4. Ngf3 c5 5. exd5 exd5 6. dxc5 Bxc5 7. Nb3 Bb6 8.
Bb5+ Nc6 9. O-O Nge7 10. Re1 O-O 11. Bg5 f6 12. Be3 Bxe3 13. Rxe3 Bf5 14. Qd2
Be4 15. Nfd4 Qb6 16. a4 Nxd4 17. Nxd4 Nc6 18. Bxc6 bxc6 19. Rb3 Qa6 20. Rc3 Qb7
21. b3 Rfc8 22. Rc5 Rab8 23. Re1 Qb6 24. Qc3 Qb4 25. Qxb4 Rxb4 26. Rxc6 Re8 27.
c3 Rbb8 28. f3 Bd3 29. Rxe8+ Rxe8 30. Kf2 Re7 31. g3 Kf7 32. Rd6 Rc7 33. Rxd5
Rxc3 34. Rd7+ Kg6 35. Rxa7 Bb1 36. a5 Rd3 37. Rd7 Rd2+ 38. Ke3 Rxh2 39. a6 Ra2
40. a7 Ra3 41. Kd2 h5 42. Nc6 1-0

[Event "XXXVI Torneo Internacional de La Roda 2"]
[Site "La Roda (Albacete) - ESPAÑA"]
[Date "2009.04.11"]
[Round "6.15"]
[White "Starostits, Ilmars"]
[Black "Klein, Felix"]
[Result "1-0"]
[WhiteElo "2464"]
[BlackElo "2288"]
[PlyCount "99"]
[EventDate "2009.03.08"]

1. e4 c5 2. Nc3 e6 3. g3 d5 4. d3 dxe4 5. dxe4 Qxd1+ 6. Nxd1 Bd7 7. b3 Bc6 8.
f3 Nd7 9. Bb2 Ngf6 10. Ne3 Be7 11. Nh3 O-O 12. O-O-O Rfd8 13. Nf4 b5 14. c4 b4
15. g4 Nf8 16. h4 Rxd1+ 17. Nxd1 Ng6 18. Nd3 Nxe4 19. h5 Ng3 20. Rg1 Nxf1 21.
hxg6 Nh2 22. gxf7+ Kf8 23. f4 Nf3 24. Rg3 Rd8 25. N1f2 Bd6 26. Rh3 h6 27. g5
Ng1 28. Re3 Kxf7 29. Ng4 Bd7 30. Nge5+ Ke7 31. g6 Be8 32. f5 Bxe5 33. Bxe5 Ne2+
34. Rxe2 Rxd3 35. Bxg7 Kd7 36. Rxe6 Rf3 37. Re5 h5 38. Kd2 h4 39. Ke2 Rf4 40.
Bh6 Rg4 41. Kf3 Rg3+ 42. Kf2 Rg4 43. Re3 a6 44. Rf3 a5 45. Rf4 Rxf4+ 46. Bxf4
Ke7 47. Be5 a4 48. bxa4 Bxa4 49. f6+ Ke6 50. f7 1-0

[Event "XXXVI Torneo Internacional de La Roda 2"]
[Site "La Roda (Albacete) - ESPAÑA"]
[Date "2009.04.11"]
[Round "6.16"]
[White "Pozo Vera, Sandro"]
[Black "Anton Guijarro, David"]
[Result "0-1"]
[WhiteElo "2459"]
[BlackElo "2133"]
[PlyCount "87"]
[EventDate "2009.03.08"]

1. d4 Nf6 2. Nf3 d5 3. c4 e6 4. Nc3 dxc4 5. e3 a6 6. a4 b6 7. Bxc4 Bb7 8. O-O
Bb4 9. Qb3 Bxc3 10. bxc3 O-O 11. Be2 a5 12. c4 Nbd7 13. Bb2 Ne4 14. Rfd1 Qf6
15. Qc2 Qh6 16. d5 exd5 17. cxd5 Ndc5 18. Be5 Rac8 19. Rd4 Nd6 20. Rad1 Qg6 21.
Qb2 Nde4 22. Nd2 f6 23. Bf4 Nxd2 24. R1xd2 Rfe8 25. Bg3 Kh8 26. Bd1 Qf7 27. Bc2
Red8 28. e4 Qe8 29. Rd1 Qf7 30. Qc3 Qe8 31. f4 Qf7 32. Qf3 c6 33. d6 Ne6 34.
R4d2 c5 35. d7 Ra8 36. Qb3 Qe7 37. Qxb6 Ba6 38. f5 Nd4 39. Bd6 Qf7 40. Bxc5
Nxc2 41. Qc6 Rab8 42. Qxa6 Nb4 43. Qe6 Qh5 44. Be7 0-1

[Event "XXXVI Torneo Internacional de La Roda 2"]
[Site "La Roda (Albacete) - ESPAÑA"]
[Date "2009.04.11"]
[Round "6.17"]
[White "Rivero Ojeda, Carmelo"]
[Black "Rojas Keim, Luis"]
[Result "0-1"]
[WhiteElo "2310"]
[BlackElo "2444"]
[PlyCount "76"]
[EventDate "2009.03.08"]

1. e4 e6 2. Nf3 d5 3. e5 c5 4. c3 Nc6 5. d4 Bd7 6. a3 f6 7. Bd3 Qc7 8. O-O c4
9. Bc2 O-O-O 10. Re1 fxe5 11. dxe5 Nh6 12. Bg5 Re8 13. b3 cxb3 14. Bxb3 Bc5 15.
Bxh6 gxh6 16. Nbd2 Na5 17. Ba4 Rhg8 18. Rb1 Rg4 19. Bb5 Reg8 20. g3 h5 21. Kg2
Bxb5 22. Rxb5 a6 23. Rb1 h4 24. Nf1 hxg3 25. hxg3 Nc4 26. a4 Qg7 27. Nd4 Qg6
28. Re2 h5 29. Qc2 Bxd4 30. cxd4 Rxd4 31. Qb3 Rg7 32. Rc1 Rc7 33. Rc3 Re4 34.
Ne3 h4 35. Nxc4 Rexc4 36. Rf3 hxg3 37. Rf8+ Kd7 38. Qxg3 Rg4 0-1

[Event "XXXVI Torneo Internacional de La Roda 2"]
[Site "La Roda (Albacete) - ESPAÑA"]
[Date "2009.04.11"]
[Round "6.19"]
[White "Cruz, Filemon"]
[Black "Puerto Traver, Juan Manuel"]
[Result "1-0"]
[WhiteElo "2411"]
[BlackElo "2114"]
[PlyCount "59"]
[EventDate "2009.03.08"]

1. Nf3 d6 2. c4 e5 3. g3 f5 4. Bg2 Nf6 5. O-O Be7 6. Nc3 c6 7. d3 Nbd7 8. b4
O-O 9. b5 Qe8 10. Ba3 c5 11. Ne1 g5 12. e3 Kh8 13. Bb2 Rb8 14. a4 b6 15. a5 Bb7
16. axb6 axb6 17. Ra7 Bxg2 18. Nxg2 Ra8 19. Qa4 Rxa7 20. Qxa7 Qh5 21. f3 f4 22.
Nd5 Bd8 23. exf4 gxf4 24. Ndxf4 exf4 25. Qxd7 fxg3 26. hxg3 d5 27. Qxd5 Qxd5
28. cxd5 Kg8 29. Nf4 Kf7 30. Ra1 1-0